00323pab a2200121 454500008004000000100002100040245005700061260000900118300001200127362001100139650001800150773003300168180718b2009 xxu||||| |||| 00| 0 eng d aBeckman, Sara L. aIntroduction to a symposium on organizational design c2009 ap.6-10. aSummer aOrganizations aCalifornia Management Review